000
00328nam a2200133Ia 4500
008
231129s1999||||xx |||||||||||||| ||spa||
020
_a
958-9120-37-7 (V.1).
040
_b
spa
082
_a
R 803 C758
245
0
_a
Consultor literario
260
_c
1999
264
_a
Prolibros
942
_2
ddc
_c
BKS
999
_c
7988
_d
7988